Adapted aquatics programming : (Record no. 13238)

000 -LEADER
fixed length control field 01128pam a2200301 a 4500
001 - CONTROL NUMBER
control field 4506638
003 - CONTROL NUMBER IDENTIFIER
control field OSt
005 - DATE AND TIME OF LATEST TRANSACTION
control field 20160810110635.0
008 - FIXED-LENGTH DATA ELEMENTS--GENERAL INFORMATION
fixed length control field 980422s1998 ilua b 001 0 eng
010 ## - LIBRARY OF CONGRESS CONTROL NUMBER
LC control number 98022953
020 ## - INTERNATIONAL STANDARD BOOK NUMBER
International Standard Book Number 0880116951
040 ## - CATALOGING SOURCE
Original cataloging agency DLC
Transcribing agency DLC
Modifying agency DLC
050 00 - LIBRARY OF CONGRESS CALL NUMBER
Classification number GV837.4
Item number .L47 1998
082 00 - DEWEY DECIMAL CLASSIFICATION NUMBER
Classification number 797.2/1/087
Edition number 21
100 1# - MAIN ENTRY--PERSONAL NAME
Personal name Lepore, Monica,
Dates associated with a name 1956-
245 10 - TITLE STATEMENT
Title Adapted aquatics programming :
Remainder of title a professional guide /
Statement of responsibility, etc. Monica Lepore, G. William Gayle, Shawn F. Stevens.
260 ## - PUBLICATION, DISTRIBUTION, ETC. (IMPRINT)
Place of publication, distribution, etc. Champaign, IL :
Name of publisher, distributor, etc. Human Kinetics,
Date of publication, distribution, etc. c1998.
300 ## - PHYSICAL DESCRIPTION
Extent xiv, 314 p. :
Other physical details ill. ;
Dimensions 29 cm.
504 ## - BIBLIOGRAPHY, ETC. NOTE
Bibliography, etc Includes bibliographical references (p. 298-306) and index.
650 #0 - SUBJECT ADDED ENTRY--TOPICAL TERM
Topical term or geographic name as entry element Swimming for people with disabilities.
650 #0 - SUBJECT ADDED ENTRY--TOPICAL TERM
Topical term or geographic name as entry element Aquatic exercises
General subdivision Therapeutic use.
650 #0 - SUBJECT ADDED ENTRY--TOPICAL TERM
Topical term or geographic name as entry element People with disabilities
General subdivision Rehabilitation.
700 1# - ADDED ENTRY--PERSONAL NAME
Personal name Gayle, G. William.
700 1# - ADDED ENTRY--PERSONAL NAME
Personal name Stevens, Shawn F.,
Dates associated with a name 1956-
906 ## - LOCAL DATA ELEMENT F, LDF (RLIN)
a 7
b cbc
c orignew
d 1
e ocip
f 19
g y-gencatlg
942 ## - ADDED ENTRY ELEMENTS (KOHA)
Source of classification or shelving scheme
Koha item type Hard Covered Materials
Holdings
Withdrawn status Lost status Source of classification or shelving scheme Damaged status Not for loan Home library Current library Shelving location Date acquired Source of acquisition Total Checkouts Full call number Barcode Date last seen Price effective from Koha item type
          MACHAKOS UNIVERSITY LIBRARY MACHAKOS UNIVERSITY LIBRARY Open shelf 10/08/2016 Donation(BFA)   GV 837.4.L47 1998 22966 10/08/2016 10/08/2016 Hard Covered Materials
© Machakos University Library, Along The Highway, Machakos Wote Rd, Machakos, Kenya P.O. Box 136 - 90100 Machakos - Kenya

Tel: ( +254 ) 723 805829 OR Fax : 044-20353 OR Email: library@mksu.ac.ke